Statistics for Top 50 best selling video games of all time

Click here to take the quiz!

General Stats

  • This quiz has been taken 36 times
  • The average score is 16 of 50

Answer Stats

# Ranking# of SalesInitial Release DateDeveloper(s)Title of Game% Correct
#843,170,000September 13, 1985NintendoSuper Mario Bros
93%
#2154,000,000November 18, 2011MojangMinecraft
79%
#3100,000,000September 17, 2013Rockstar NorthGrand Theft Auto V
68%
#2923,982,960June 23, 1991Sonic TeamSonic The Hedgehog
64%
#1170,000,000June 6, 1984ElektronorgtechnicaTetris
64%
#550,000,000December 20, 2017PUBG CorporationPlayerUnknown's Battlegrounds
57%
#647,520,000February 27, 1996Game FreakPokemon Red + Green + Blue + Yellow
50%
#482,870,000November 19, 2006Nintendo EADWii Sports
50%
#2026,200,000November 9, 2010TreyarchCall of Duty: Black Ops
46%
#3223,000,000October 26, 2018Rockstar StudiosRed Dead Redemption 2
46%
#4517,500,000October 22, 2001DMA DesignGrand Theft Auto III
43%
#2225,000,000April 29, 2008Rockstar NorthGrand Theft Auto IV
43%
#1827,500,000October 26, 2004Rockstar NorthGrand Theft Auto: San Andreas
43%
#3720,000,000October 27, 2002Rockstar NorthGrand Theft Auto: Vice City
43%
#4019,000,000October 23, 1988Nintendo R&D4Super Mario Bros 3
43%
#3322,700,000November 10, 2009Infinity WardCall of Duty: Modern Warfare 2
39%
#3520,972,500November 21, 1990Nintendo EADSuper Mario World
39%
#937,200,000April 10, 2008Nintendo EADMario Kart Wii
36%
#1529,490,000November 21, 1999Game FreakPokemon Gold + Silver + Crystal
36%
#2125,130,000May 29, 2014Nintendo EADMario Kart 8
32%
#3422,540,000November 21, 2002Game FreakPokemon Ruby + Sapphire + Emerald
32%
#2524,520,000November 18, 2016Game FreakPokemon Sun + Moon
32%
#4716,390,000October 12, 2013Game FreakPokemon X and Y
32%
#1330,000,000November 11, 2011Bethesda Game StudiosThe Elder Scrolls V
32%
#1728,020,000December 2, 2006Nintendo EADWii Play
32%
#4119,000,000November 5, 2013Infinity WardCall of Duty Ghosts
29%
#1628,300,000April 21, 1984Nintendo R&D1Duck Hunt
29%
#4617,000,000June 14, 2013Naughty DogThe Last Of Us
29%
#4816,000,000January 31, 2000MaxisThe Sims
29%
#1033,100,000June 25, 2009Nintendo EADWii Sports Resort
29%
#1926,500,000November 8, 2011Infinity WardCall of Duty: Modern Warfare 3
25%
#4318,260,000December 1, 2011Nintendo EADMario Kart 7
25%
#3123,600,000November 14, 2005Nintendo EADMario Kart DS
25%
#1130,800,000May 15, 2006Nintendo EADNew Super Mario Bros
25%
#2424,730,000September 28, 2006Game FreakPokemon Diamond + Pearl + Platinum
25%
#743,800,000December 1, 2007Nintendo EADWii Fit
25%
#2724,000,000September 29, 2017EA CanadaFIFA 18
21%
#1230,260,000November 11, 2009Nintendo EADNew Super Mario Bros Wii
21%
#2325,000,000May 16, 2011Re-LogicTerraria
21%
#1430,000,000May 16, 2012Blizzard EntertainmentDiablo III
14%
#3023,960,000April 21, 2005Nintendo EADNintendogs
14%
#3919,010,000May 19, 2005Nintendo SPDBrain Age
11%
#5015,700,000November 5, 2007Infinity WardCall of Duty 4: Modern Warfare
11%
#4218,370,500April 21, 1989Nintendo R&D1Super Mario Land
11%
#2624,200,000November 12, 2012TreyarchCall of Duty: Black Ops II
7%
#3620,000,000June 5, 1981KonamiFrogger
4%
#2824,000,000November 4, 2010Good Science StudioKinect Adventures
0%
#3820,000,000February 14, 1991DMA DesignLemmings
0%
#4916,000,000November 11, 2005EA Black BoxNeed For Speed: Most Wanted
0%
#4417,770,000June 23, 2011Sumo DigitalSonic & Sega All-Stars Racing
0%

Score Distribution

Percentile by Number Answered

Percent of People with Each Score

Your Score History

You have not taken this quiz